000 00621nam a2200193Ia 4500
003 LDD
008 190117s9999 xx 000 0 und d
020 _a8170556430
_c₹100
040 _cLDD
041 _ahi
082 _a305.4 स्79203
100 _aराजकिशोर
245 0 _aस्त्री, परम्परा और आधुनिकता
_cराजकिशोर
260 _aदिल्ली
_bवाणी
_c1999
300 _a172
901 _aVANI
904 _aReqst by : जे.एम. पारख
942 _2ddc
_cH
999 _c168300
_d168300